STN EN 12284: 2005 (14 2030), Chladiace systémy a tepelné čerpadlá. Ventily. Požiadavky, skúšanie a označenie

Táto norma je slovenskou verziou EN 12284: 2003. Európska norma EN 12284: 2003 má postavenie slovenskej technickej normy

Bibliographic Details
Corporate Author: PRONORM (Piešťany, Slovensko) (Translator)
Other Authors: Chnapko, Rudolf (Translator)
Format: Book
Language:Slovak
English
PhysicalDescription:68 s. grafy, obr., tab. 30 cm
Published: Bratislava Slovenský ústav technickej normalizácie 2005
Subjects:

MARC

LEADER 00000nam a2200000 a 4500
001 vtls008303207
003 SK-MaSNL
005 20260301074821.0
008 160624s2005 xo da u 000 0 slo
015 |a SNBN2013 
040 |a SNK  |b slo  |c SNK  |e AACR2 
041 1 |a slo  |h eng 
044 |a xo  |c SK 
046 |a s  |m 200504 (účin.) 
072 7 |a 621  |x Strojárstvo  |2 konspekt 
080 |a 62-71  |2 2001 
080 |a 006.7/.8  |2 2001 
080 |a (437.6)  |2 2001 
080 |a (4)  |2 2001 
080 |a 62-34  |2 2001 
080 |a 621.577  |2 2001 
080 |a 621.646.2  |2 2001 
084 |a 23.060.20  |2 ICS 
130 0 |a STN 14 2030 (STN EN 12284)  |9 398008 
245 1 0 |a STN EN 12284: 2005 (14 2030), Chladiace systémy a tepelné čerpadlá. Ventily. Požiadavky, skúšanie a označenie 
246 1 0 |a Chladiace systémy a tepelné čerpadlá 
246 1 0 |a Ventily 
246 3 0 |a EN 12284: 2003 E 
260 |a Bratislava  |b Slovenský ústav technickej normalizácie  |c 2005 
300 |a 68 s.  |b grafy, obr., tab.  |c 30 cm 
500 |a Táto norma nahrádza anglickú verziu STN EN 12284 z júna 2004 v celom rozsahu 
500 |a Spracovateľ: Rudolf Chnapko. Pronorm, Piešťany 
504 |a Citované normy, súvisiace právne predpisy s. 2 ; literatúra s. 62-64 
520 8 |a Táto norma je slovenskou verziou EN 12284: 2003. Európska norma EN 12284: 2003 má postavenie slovenskej technickej normy 
540 |a STN vydané na akomkoľvek nosiči sa môžu rozmnožovať a rozširovať iba so súhlasom určenej právnickej osoby  |b SÚTN Bratislava  |c zákon 264/1999 Z.z. 
650 0 7 |a chladiace zariadenia  |2 SNKPH  |9 3524 
650 0 7 |a tepelné čerpadlá  |2 SNKPH  |9 23389 
650 0 7 |a technické normy a štandardy  |z krajiny Európskej únie  |2 SNKPH  |9 289341 
650 0 7 |a technické normy a štandardy  |z Slovensko  |2 SNKPH  |9 79594 
650 0 7 |a Cooling appliances  |2 SNKPHeng  |9 398009 
650 0 7 |a Heat pumps  |2 SNKPHeng  |9 314389 
650 0 7 |a ventily  |2 SNKPH  |9 17689 
650 0 7 |a Valves  |2 SNKPHeng  |9 320491 
655 7 |a normy  |2 SNKPH  |9 70643 
700 1 |a Chnapko, Rudolf  |4 trl  |9 314690 
710 2 |a PRONORM (Piešťany, Slovensko)  |4 trl  |9 314691 
710 2 |a Slovenský ústav technickej normalizácie (Bratislava, Slovensko).  |b Technická komisia č. 81 Chladiace zariadenia  |4 stn  |9 327461 
958 |a NB 
958 |a OP 
999 |c 648317  |d 650247 
952 |a SNK  |b SNK  |y PREZ  |7 0  |p 17A0485673  |o snkSTN EN 12284 D1  |i snk2005/17147  |8 0  |0 0  |1 0  |4 0  |d 2005-10-17  |l 0  |r 2026-02-23 18:14:04  |w 2026-02-23 
952 |a SNK  |b SNK  |y PREZ  |7 0  |p 17A0485656  |o snkSTN EN 12284  |i snk2005/17146  |8 0  |0 0  |1 0  |4 0  |d 2005-10-17  |l 0  |r 2026-02-23 18:14:04  |w 2026-02-23